Un corps pour l'esprit : essai sur l'expérience communautaire d'après les constitutitons de la Compagnie de Jésus /

Gardado en:
Detalles Bibliográficos
Autor Principal: Bertrand, Dominique (autor)
Formato: Libro
Idioma:francés
Publicado: París, Francia : Desclée de Brouwer : Bellarmin, Centrum Ignatianum Spiritualitatis, 1974, c1974
Series:(Christus Desclée de Brouwer ; Etudes) 38.
Temas:
Etiquetas: Engadir etiqueta
Sen Etiquetas, Sexa o primeiro en etiquetar este rexistro!

MARC

LEADER 00000nam^a2200000^a^4500
001 000350607
005 20250521000000.0
009 20260310114946.12
037 |a Acervo Xavier Clavigero 
041 |a FRA 
082 |a 255. 53  |b BER 
100 |a Bertrand, Dominique  |e (autor) 
245 1 3 |a Un corps pour l'esprit :  |b essai sur l'expérience communautaire d'après les constitutitons de la Compagnie de Jésus /  |c D. Bertrand. 
246 2 |a Título en la cubierta: Un corps pour l'esprit: essai sur l'expérience communautaire selon les constitutitons de la Compagnie de Jésus 
264 4 |a París, Francia :  |b Desclée de Brouwer :  |b Bellarmin, Centrum Ignatianum Spiritualitatis,  |c 1974, c1974 
300 |a 240 p. 
336 |a texto  |b txt  |2 rdacontenido 
337 |a sin mediación  |b n  |2 rdamedio 
338 |a volumen  |b nc  |2 rdasoporte 
440 1 |a (Christus Desclée de Brouwer ;  |v 38.  |p Etudes) 
649 |a XX 
650 |a Jesuitas -  |x Reglas -  |x Tema Principal 
650 |a Monasticismo y Ordenes Religiosas 
650 |a Iglesia Católica 
650 |a Ejercicios Ignacianos -  |x Tema Principal 
650 |a Espiritualidad 
650 |a Catolicismo 
650 |a Cristianismo 
650 |a Religión 
910 |a Fondo General 
920 |a Impresos - Libros 
930 |a Colección General 
940 |a Jesuitas 
905 |a 101 
901 |a 0500241182  |b IT1  |c ACC  |i FXC D1573  |u 20250521 
902 |a https://opac.biblio.iteso.mx/vufind/Record/000350607